00406nam a2200145Ia 4500003000400000005001700004008004100021040000900062082001500071100002000086245007200106260004800178300000900226650002500235OSt20201211103137.0190216s9999||||xx |||||||||||||| ||und|| coclc a371bSRI/T aSrivastava, A P 4aThe Educational Development Of Your Child A Guide /cA P Srivastava bThe Learning Laboratory,c1982.aNew Delhi: a112p aDevelopment Of Child